Handbook of health care management /

The Handbook of Health Care Management is written by recognized experts in the field of health care management. The goal of the text is to provide a link between health care research, theory, and practice. Based on the most recent theory and research, the chapters are presented in a way that is mean...

Fuld beskrivelse

Saved in:
Bibliografiske detaljer
Andre forfattere: Swayne, Linda E., Ginter, Peter M., Duncan, W. Jack (Walter Jack)
Format: Bog
Sprog:English
Udgivet: Malden, Mass. : Blackwell Business, c1998.
Fag:
LEADER 02506cam a2200337 a 4500
001 c000295223
003 CARM
005 20100316091540.0
008 970324s1998 maua b 001 0 eng d
010 |a 97013926 
019 1 |a 13158636  |z 21807318  |5 LACONCORD2021 
020 |a 1557868336 (hbk.) 
035 |a (OCoLC)36663091  |5 LACONCORD2021 
040 |a TOC  |b eng  |c TOC  |d WCX 
043 |a n-us--- 
050 0 0 |a RA971  |b .H274 1997 
050 4 |a RA971  |b H274 1998 
082 0 4 |a 362.1068  |2 21 
245 0 0 |a Handbook of health care management /  |c [edited by] W. Jack Duncan, Peter M. Ginter, Linda E. Swayne. 
260 |a Malden, Mass. :  |b Blackwell Business,  |c c1998. 
300 |a xxiv, 486 p. :  |b ill. ;  |c 25 cm. 
504 |a Includes bibliographical references and index. 
520 |a The Handbook of Health Care Management is written by recognized experts in the field of health care management. The goal of the text is to provide a link between health care research, theory, and practice. Based on the most recent theory and research, the chapters are presented in a way that is meaningful and useful to health care decision makers. Readers may focus on managing relationships with stakeholders, customers, external environmental forces, and other organizations - as in the case of strategic alliances. To provide readers with the resources they will need to manage effectively, the text presents selected tools managers can use to improve organizational performance including: financial analysis, economics, information systems, marketing, and total quality management. Key organizational processes such as team building, change and innovation, visionary leadership, motivating performance, and designing health care organizations for the future are also covered. 
520 |a Special features: topics selected for inclusion were chosen by health care professionals and academics through a comprehensive survey; each chapter is written by an active researcher in the field; and each chapter represents the latest in academic research but is oriented toward applications rather than theory. 
650 0 |a Health services administration  |z United States. 
700 1 |a Swayne, Linda E. 
700 1 |a Ginter, Peter M. 
700 1 |a Duncan, W. Jack  |q (Walter Jack) 
852 8 |b CARM  |h A3:AI14D0  |i F07677  |p 0554872  |f BK 
999 f f |i 32939024-321a-5f3c-adc0-0f133f99f1f5  |s f6d124c8-f86a-5235-844e-36c7b6c9f028 
952 f f |p Can circulate  |a CAVAL  |b CAVAL  |c CAVAL  |d CARM 1 Store  |e F07677  |f A3:AI14D0  |h Other scheme  |i book  |m 0554872